000 00309nam a2200133Ia 4500
008 150201s2011 xx 000 0 und d
082 _a615
_bP11S
100 _aSHANBHAG, T.V.
245 _aPHARMACOLOGY
260 _bELSEVIER
_aINDIA
_c2011
300 _a1-485
650 _aPHARMACOLOGY
942 _2ddc
_cBK
_096
999 _c1397
_d1397